Historical Flag Quiz - Statistics

General Stats
  • This quiz has been taken 2,256 times
    1,453 since last reset
  • The average score is 12 of 15
Answer Stats
Picture Answer % Correct
Soviet Union
99%
German Empire
91%
Kingdom of Hungary
90%
Ottoman Empire
90%
Yugoslavia
89%
Kingdom of Italy
87%
Kingdom of Nepal
86%
Kingdom of France
79%
Union of South Africa
76%
Kingdom of Portugal
74%
Austrian Empire
72%
Prussia
71%
Spanish Empire
70%
Gran Colombia
53%
Republic of Venice
48%
No matching quizzes found
Score Distribution
Percent of People with Each Score
Percentile by Number Answered
Your Score History
You have not taken this quiz since the last reset